| 000 | 00344nam a22001217a 4500 | ||
|---|---|---|---|
| 008 | 160426b xxu||||| |||| 00| 0 eng d | ||
| 020 | _a 9780721639277 | ||
| 020 | _a0721639275 | ||
| 041 | _aeng | ||
| 080 | _a628.2 | ||
| 245 |
_aPharmacology a nursing process approach; _cJoyce LeFever Kee; Evelyn R. Hayes; Linda E.McCuistion; |
||
| 942 |
_2udc _cBK |
||
| 999 |
_c1605 _d1605 |
||